000 00349nam a2200157Ia 4500
008 130318s9999 xx 000 0 und d
020 _a9788120343290
082 _a512 ART/A
100 _aArtin, Michael
245 _aAlgebra
250 _a2
260 _bPHI Learning
_aNew Delhi
_c2011
300 _a543
650 _aMETRIX
650 _aSYMMETRY
999 _c2348
_d2348